[Event "SE-2019-0-00290"]
[Site "LSS email"]
[Date "2019.01.09"]
[Round "?"]
[White "Jimenez Alban, Xavier"]
[Black "Shim Ng Min, Francis"]
[Result "1-0"]
[WhiteElo "1553"]
[BlackElo "1245"]
[PlyCount "45"]
[EventDate "2018.11.26"]
[EventType "tourn (corr)"]
[EventRounds "6"]
[EventCountry "GER"]
[SourceTitle "Corr 2022"]
[Source "ChessBase"]
[SourceDate "2021.10.24"]
[SourceVersion "1"]
[SourceVersionDate "2021.10.24"]
[SourceQuality "1"]

1. e4 c5 2. Nf3 d6 3. d4 cxd4 4. Nxd4 Nf6 5. Nc3 a6 6. Be3 e5 7. Nb3 Be6 8. Qd2 Be7 9. f3 h5 10. Be2 b5 11. Nd5 Nxd5 12. exd5 Bf5 13. 0-0 0-0 14. a4 bxa4 15. Rxa4 Qc8 16. c4 Nd7 17. Na5 Nc5 18. Ra3 g6 19. Nc6 Bd8 20. b4 Nb7 21. c5 dxc5 22. bxc5 a5 23. Nxe5 1-0

[Event "SE-2019-0-00290"]
[Site "LSS email"]
[Date "2019.01.09"]
[Round "?"]
[White "Lonyuk, Bohdan"]
[Black "Jimenez Alban, Xavier"]
[Result "0-1"]
[WhiteElo "1296"]
[BlackElo "1553"]
[PlyCount "54"]
[EventDate "2018.11.26"]
[EventType "tourn (corr)"]
[EventRounds "6"]
[EventCountry "GER"]
[SourceTitle "Corr 2022"]
[Source "ChessBase"]
[SourceDate "2021.10.24"]
[SourceVersion "1"]
[SourceVersionDate "2021.10.24"]
[SourceQuality "1"]

1. e4 e5 2. Nf3 Nc6 3. Bb5 Nf6 4. d4 exd4 5. Qe2 Bd6 6. c3 0-0 7. 0-0 dxc3 8. Nxc3 Re8 9. Re1 a6 10. Bxc6 dxc6 11. Bg5 Bg4 12. Rad1 Re6 13. Qe3 Qe8 14. h3 Bxf3 15. Qxf3 h6 16. Bc1 b5 17. a3 a5 18. h4 b4 19. Ne2 Rxe4 20. h5 Qe5 21. Bf4 Rxf4 22. Nxf4 Qxf4 23. Qxf4 Bxf4 24. axb4 axb4 25. Ra1 Rxa1 26. Rxa1 Be5 27. Ra8+ Kh7 0-1

[Event "OP-2017-0-04372"]
[Site "LSS email"]
[Date "2017.06.21"]
[Round "?"]
[White "Jimenez Alban, Xavier"]
[Black "Vontina, Maria"]
[Result "0-1"]
[WhiteElo "1582"]
[BlackElo "692"]
[PlyCount "26"]
[EventDate "2017.06.13"]
[EventType "tourn (corr)"]
[EventRounds "4"]
[EventCountry "GER"]
[SourceTitle "Corr 2022"]
[Source "ChessBase"]
[SourceDate "2021.10.24"]
[SourceVersion "1"]
[SourceVersionDate "2021.10.24"]
[SourceQuality "1"]

1. e4 e6 2. d4 d5 3. Nc3 Bb4 4. Bd2 dxe4 5. Qg4 Kf8 6. Qxe4 Nf6 7. Qh4 Nc6 8. Nf3 Be7 9. Qf4 a6 10. a3 Bd6 11. Qe3 Bd7 12. Bd3 Ne7 13. 0-0 Ned5 0-1

[Event "OP-2016-0-04052"]
[Site "LSS email"]
[Date "2016.05.22"]
[Round "?"]
[White "Pliska, Miroslav"]
[Black "Jimenez Alban, Xavier"]
[Result "1-0"]
[WhiteElo "1609"]
[BlackElo "1603"]
[PlyCount "21"]
[EventDate "2016.05.17"]
[EventType "tourn (corr)"]
[EventRounds "4"]
[EventCountry "GER"]
[SourceTitle "Corr 2022"]
[Source "ChessBase"]
[SourceDate "2021.10.24"]
[SourceVersion "1"]
[SourceVersionDate "2021.10.24"]
[SourceQuality "1"]

1. f4 d5 2. Nf3 Nf6 3. e3 g6 4. b3 Bg7 5. Bb2 0-0 6. Be2 c5 7. 0-0 Nc6 8. d3 d4 9. exd4 Nd5 10. Qc1 cxd4 11. Rf2 1-0

[Event "RD-2013-0-00095"]
[Site "LSS email"]
[Date "2013.12.07"]
[Round "?"]
[White "Henke, Simon"]
[Black "Jimenez Alban, Xavier"]
[Result "1/2-1/2"]
[WhiteElo "1546"]
[BlackElo "1400"]
[PlyCount "20"]
[EventDate "2013.10.12"]
[EventType "tourn (corr)"]
[EventRounds "6"]
[EventCountry "GER"]
[SourceTitle "Corr 2022"]
[Source "ChessBase"]
[SourceDate "2021.10.24"]
[SourceVersion "1"]
[SourceVersionDate "2021.10.24"]
[SourceQuality "1"]

1. c4 e5 2. Nc3 Nf6 3. Nf3 Nc6 4. g3 d5 5. cxd5 Nxd5 6. Bg2 Nb6 7. 0-0 Be7 8. a3 0-0 9. b4 Be6 10. Rb1 f6 1/2-1/2